Problem-solving math / (Record no. 10090)
[ view plain ]
| 000 -LEADER | |
|---|---|
| fixed length control field | 00921nam a22002297a 4500 |
| 001 - CONTROL NUMBER | |
| control field | 10090 |
| 003 - CONTROL NUMBER IDENTIFIER | |
| control field | FISKH |
| 005 - DATE AND TIME OF LATEST TRANSACTION | |
| control field | 20260407115102.0 |
| 008 - FIXED-LENGTH DATA ELEMENTS--GENERAL INFORMATION | |
| fixed length control field | 260407b cb ||||| |||| 00| 0 eng d |
| 020 ## - INTERNATIONAL STANDARD BOOK NUMBER | |
| International Standard Book Number | 9781420635782 |
| 040 ## - CATALOGING SOURCE | |
| Original cataloging agency | FISKH |
| Language of cataloging | eng |
| Transcribing agency | FISKH |
| Modifying agency | FISKH |
| 050 ## - LIBRARY OF CONGRESS CALL NUMBER | |
| Classification number | QA135 .D35 |
| 082 ## - DEWEY DECIMAL CLASSIFICATION NUMBER | |
| Classification number | 372.7 |
| 100 ## - MAIN ENTRY--PERSONAL NAME | |
| Personal name | Smith, Robert W. |
| 245 ## - TITLE STATEMENT | |
| Title | Problem-solving math / |
| Statement of responsibility, etc. | Author : Robert W. Smith |
| 260 ## - PUBLICATION, DISTRIBUTION, ETC. | |
| Place of publication, distribution, etc. | Westminster : |
| Name of publisher, distributor, etc. | Teacher Created Resources, |
| Date of publication, distribution, etc. | 2011. |
| 300 ## - PHYSICAL DESCRIPTION | |
| Extent | 176 pages ; |
| Other physical details | illustrations ; |
| Dimensions | 28 cm |
| 520 ## - SUMMARY, ETC. | |
| Summary, etc. | Solving word problems requires both strategy and skill. When confronted with a problem, students need to figure out how to solve the problemand then solve it! The 250 exercises in each book help students learn a variety of strategies for solving problems as well as grade-specific math skills. |
| 650 ## - SUBJECT ADDED ENTRY--TOPICAL TERM | |
| Topical term or geographic name entry element | Mathematics |
| Form subdivision | Problem‑solving |
| 942 ## - ADDED ENTRY ELEMENTS (KOHA) | |
| Source of classification or shelving scheme | Dewey Decimal Classification |
| Koha item type | Books |
| Suppress in OPAC | No |
| Withdrawn status | Lost status | Source of classification or shelving scheme | Damaged status | Not for loan | Collection | Home library | Current library | Shelving location | Date acquired | Total Checkouts | Full call number | Barcode | Date last seen | Copy number | Price effective from | Koha item type |
|---|---|---|---|---|---|---|---|---|---|---|---|---|---|---|---|---|
| Dewey Decimal Classification | Reference | Footprints International School Library Network Toul Tom Poung Campus | Footprints International School Library Network Toul Tom Poung Campus | Librarian's Shelf TTP | 04/07/2026 | SMI 372.7 QA135 .D35 | 2026-0462 | 04/07/2026 | 1 | 04/07/2026 | Books |
